000 00724nam a2200241 a 4500
005 20260109063950.0
008 090625s2006 es r 000 0 spa d
020 _a8478713808
035 _aUPN01000175877
049 _aC
050 4 _aQB43.3
_bB7.2a 2006
100 1 _aBryson, Bill
245 1 4 _aUna breve historia de casi todo /
_cBill Bryson ; tr. José Manuel Alvarez Flórez.
250 _a6a ed.
260 _aBarcelona, Esp. :
_bRBA,
_c2006.
300 _a639 p. :
_bil. col.
534 _pTítulo original:
_tA short history of nearly everything
650 2 _aAstronomía
_98475
650 2 _aFísica
_xHistoria
_99452
650 4 _aBIOLOGIA -
_xHISTORIA
_94536
650 4 _aCiencia
_97469
905 _aLibro
999 _c147980
_d147980